Daughters of the King / (Record no. 206)

MARC details
000 -LEADER
fixed length control field 00683cam a2200253 i 4500
001 - CONTROL NUMBER
control field 1993038
003 - CONTROL NUMBER IDENTIFIER
control field OSt
005 - DATE AND TIME OF LATEST TRANSACTION
control field 20180809153153.0
008 - FIXED-LENGTH DATA ELEMENTS--GENERAL INFORMATION
fixed length control field 760112s1975 ilu b 000 0 eng
010 ## - LIBRARY OF CONGRESS CONTROL NUMBER
LC control number 75022573 //r922
020 ## - INTERNATIONAL STANDARD BOOK NUMBER
International Standard Book Number 0884191141 :
Terms of availability $2.95
040 ## - CATALOGING SOURCE
Original cataloging agency DLC
Transcribing agency DLC
Modifying agency m.c.
-- STU
050 00 - LIBRARY OF CONGRESS CALL NUMBER
Classification number BV4527
Item number .B75 1975
082 00 - DEWEY DECIMAL CLASSIFICATION NUMBER
Classification number 248.8
Item number B873D
090 ## - LOCALLY ASSIGNED LC-TYPE CALL NUMBER (OCLC); LOCAL CALL NUMBER (RLIN)
Classification number (OCLC) (R) ; Classification number, CALL (RLIN) (NR) BV4527
Local cutter number (OCLC) ; Book number/undivided call number, CALL (RLIN) .B75
100 1# - MAIN ENTRY--PERSONAL NAME
Personal name Brooks, Pat.
245 10 - TITLE STATEMENT
Title Daughters of the King /
Statement of responsibility, etc. by Pat Brooks.
260 ## - PUBLICATION, DISTRIBUTION, ETC.
Place of publication, distribution, etc. Carol Stream, Ill. :
Name of publisher, distributor, etc. Creation House,
Date of publication, distribution, etc. c1975.
300 ## - PHYSICAL DESCRIPTION
Extent 144 p. ;
Dimensions 22 cm.
504 ## - BIBLIOGRAPHY, ETC. NOTE
Bibliography, etc. note Bibliography: p. 143-144.
650 #0 - SUBJECT ADDED ENTRY--TOPICAL TERM
Topical term or geographic name entry element Christian women
General subdivision Religious life.
650 #0 - SUBJECT ADDED ENTRY--TOPICAL TERM
Topical term or geographic name entry element Women.
942 ## - ADDED ENTRY ELEMENTS (KOHA)
Source of classification or shelving scheme Dewey Decimal Classification
Koha item type Books
Holdings
Withdrawn status Lost status Source of classification or shelving scheme Damaged status Not for loan Collection code Home library Current library Shelving location Date acquired Total Checkouts Full call number Barcode Date last seen Price effective from Koha item type
    Dewey Decimal Classification     Non-fiction Harvest Mission College Harvest Mission College General Stacks 09.08.2018   248.8 B873D 001542 09.08.2018 09.08.2018 Books

OPAC Designed and Maintained by HMC Library Team.
Copyright © HMC Library,Greater Noida, UP.
For any Suggestions/Query Contact library via Email:libhmc@gmail.com